banner-ar

المدمرات والفرقاطات والطرادات والمدفعية البحرية / (Record no. 60547)

MARC details
000 -الفاتح
حقل البيانات ثابتة الطول 01225nam a22003017a 4500
005 - وقت وتاريخ اخر تعامل مع التسجيلة
رقم الضبط 20240530110415.0
008 - عناصر البيانات ثابتة الطول - معلومات عامة
حقل البيانات ثابتة الطول 150304s2002 su o g 000 0 ara d
017 ## - رقم الايداع القانونى
رقم الايداع القانونى 3593/23
المصدر ( الهيئة المختصة) السعودية . مكتبة الملك فهد
020 ## - الرقم الدولى المعيارى للكتب
الرقم الدولى المعيارى للكتاب 8489730903
040 ## - مصدر الفهرسة
وكالة الفهرسة الأصلية EG-CaGPL
041 0# - رمز اللغة
رمز لغة النص/ المسارات الصوتية أو العنوان الانفرادي ara
082 04 - رقم تصنيف ديوى العشرى
رقم الطبعة 21
رقم التصنيف 355.8\
رقم المادة م أ
100 1# - المدخل الرئيسى - إسم شخصى
الإسم الشخصى اس ، دارا اديشونز ليما
الشكل الأكمل للاسم دارا اديشونز ليمد اس
245 12 - بيان العنوان
العنوان المدمرات والفرقاطات والطرادات والمدفعية البحرية /
بيان المسئوليه,etc تاليف دارا اديشونز ليما اس ؛ تعريب محمد صالحى ؛ سعيد سبيعة
250 ## - بيان الطبعة
بيان الطبعة ط1
260 ## - PUBLICATION, DISTRIBUTION, ETC. (IMPRINT)
تاريخ النشر أو التوزيع 2002
300 ## - الوصف المادى
التعداد 95 ص :
تفاصيل ماديه اخرى للوعاء صور لو ؛
أبعاد الوعاء 32 سم
490 0# - بيان السلسلة
عنوان السلسلة الاسلحة والامداد ،
الرقم الدولى المعيارى للدوريات 9960402037
650 04 - المدخل الاضافى بالموضوع-مصطلح موضوعى
مصطلح موضوعي المدمرات
650 04 - المدخل الاضافى بالموضوع-مصطلح موضوعى
مصطلح موضوعي المعدات العسكرية
650 04 - المدخل الاضافى بالموضوع-مصطلح موضوعى
مصطلح موضوعي الاسلحة
650 04 - المدخل الاضافى بالموضوع-مصطلح موضوعى
مصطلح موضوعي اجهزة التجسس الالكترونية
650 04 - المدخل الاضافى بالموضوع-مصطلح موضوعى
مصطلح موضوعي الرادار
700 0# - المدخل الاضافى - اسم شخصى
الإسم الشخصى محمد صالحى
الدور مترجم
700 0# - المدخل الاضافى - اسم شخصى
الإسم الشخصى سعيد سبيعة
الدور مترجم مشارك
942 ## - عناصر المدخل الإضافي( كوها)
مصدر التصنيف او مخطط الترفيف Dewey Decimal Classification
Koha [default] item type كتاب
260 ## - PUBLICATION, DISTRIBUTION, ETC. (IMPRINT)
-- السعودية :
-- مكتبة العبيكان ؛
Holdings
حالة التراجع حالة الفقد حالة تلف ليس للاعارة المكان المؤقت الموقع الحالى تاريخ الاكتساب اجمالي اﻻعارات رقم الطلب الباركود تاريخ اخر مشاهدة تاريخ تفعيل السعر نوع وعاء كوها
        مكتبة القاهرة الكبرى مكتبة القاهرة الكبرى 03/04/2015   355.8\م أ 159641 03/04/2015 03/04/2015 كتاب

Powered By

EGPV